Statistics for Delta Airlines Destinations

Click here to take the quiz!

General Stats

  • This quiz has been taken 146 times
    (81 since last reset)
  • The average score is 119 of 296

Answer Stats

Destination% Correct
New York (John F. Kennedy)
91%
New York (LaGuardia)
91%
Boston
89%
Dallas/Fort Worth
87%
Dallas (Love)
87%
London (Heathrow)
87%
Seattle/Tacoma
87%
Atlanta
85%
Paris (Charles de Gaulle)
85%
Denver
83%
Los Angeles
83%
Miami
83%
Detroit
80%
Houston (Hobby)
80%
Houston (Intercontinental)
80%
Orlando
80%
San Francisco
80%
Amsterdam
78%
Chicago (Midway)
78%
Chicago (O'Hare)
78%
Rio de Janeiro (Galeao)
78%
Tampa
78%
Washington (Dulles)
78%
Washington (National)
78%
Rome (Fiumicino)
76%
Jackson (MS)
74%
San Diego
74%
Tokyo (Haneda)
74%
Toronto (Pearson)
74%
Dublin
72%
Madrid
72%
Portland (ME)
72%
Portland (OR)
72%
Salt Lake City
72%
Charlotte
70%
Jacksonville (FL)
70%
Minneapolis/Saint Paul
70%
Frankfurt
67%
Honolulu
67%
Indianapolis
67%
Las Vegas
67%
Mexico City
67%
Philadelphia
67%
Phoenix (Sky Harbor)
67%
San Antonio
67%
San Jose del Cabo
67%
Vancouver
67%
Austin
65%
Baltimore
65%
Cancun
65%
Cleveland
65%
Columbus (GA)
65%
Columbus (Glenn)
65%
Kansas City
65%
Nashville
65%
New Orleans
65%
San Jose (CA)
65%
San Jose (CR)
65%
Athens
63%
Manchester (NH)
63%
Milan (Malpensa)
63%
Munich
63%
Anchorage
61%
Barcelona
61%
Beijing (Daxing)
61%
Bogota
61%
Cincinnati
61%
El Paso
61%
Lima
61%
Memphis
61%
Montreal (Trudeau)
61%
Sao Paulo (Guarulhos)
61%
Seoul (Incheon)
61%
Buffalo
59%
Calgary
59%
Fort Lauderdale
59%
Newark
59%
Sydney
59%
Albany (GA)
57%
Albany (NY)
57%
Birmingham (AL)
57%
Edmonton
57%
Lisbon
57%
Santiago de Chile
57%
Santiago de los Caballeros
57%
Shanghai (Pudong)
57%
Zurich
57%
Boise
54%
Oakland
54%
Raleigh/Durham
54%
Saint Louis
54%
Venice
54%
Brussels
52%
Charleston (SC)
52%
Charleston (WV)
52%
Louisville
52%
Milwaukee
52%
Pittsburgh
52%
Savannah
52%
Buenos Aires (Ezeiza)
50%
Dayton
50%
Panama City (FL)
50%
Panama City (Tocumen)
50%
Reno/Tahoe
50%
Richmond
50%
Sacramento
50%
Albuquerque
48%
Fort Myers
48%
Guadalajara
48%
Hartford
48%
Oklahoma City
48%
Tucson
48%
Grand Rapids
46%
Johannesburg (O.R. Tambo)
46%
Lexington
46%
Little Rock
46%
Nassau
46%
Norfolk
46%
Ottawa
46%
Providence
46%
Rochester (MN)
46%
Rochester (NY)
46%
Tel Aviv
46%
Baton Rouge
43%
Columbia (SC)
43%
Edinburgh
43%
Key West
43%
Kingston
43%
Monterrey
43%
Nice
43%
Ontario (CA)
43%
Tulsa
43%
Wichita
43%
Fairbanks
41%
Fargo
41%
Madison
41%
Montego Bay
41%
Omaha
41%
Osaka (Kansai)
41%
Pensacola
41%
San Juan
41%
Spokane
41%
Burbank
39%
Colorado Springs
39%
Des Moines
39%
Harrisburg
39%
Sioux Falls
39%
Tallahassee
39%
Augusta (GA)
37%
Bismarck
37%
Copenhagen
37%
Fresno
37%
Helena
37%
Melbourne (FL)
37%
Santo Domingo (Las Americas)
37%
Springfield/Branson
37%
Syracuse
37%
West Palm Beach
37%
Winnipeg
37%
Bermuda
35%
Bozeman
35%
Guatemala City
35%
Knoxville (TN)
35%
Montgomery
35%
Orange County
35%
Billings
33%
Burlington (VT)
33%
Duluth
33%
Green Bay
33%
Greensboro
33%
Kona
33%
Punta Cana
33%
Quito
33%
Reykjavik (Keflavik)
33%
Sarasota
33%
Allentown
30%
Cedar Rapids/Iowa City
30%
Gainesville
30%
Lansing
30%
Long Beach
30%
Wilmington (NC)
30%
Aruba
28%
Belize City
28%
Chattanooga
28%
Daytona Beach (FL)
28%
Eugene
28%
Fayetteville/Bentonville
28%
Flint
28%
Gulfport/Biloxi
28%
Mobile
28%
Puerto Vallarta
28%
Fayetteville (NC)
26%
Huntsville
26%
Juneau
26%
Kalamazoo
26%
Myrtle Beach
26%
Nagoya (Centrair)
26%
Palm Springs
26%
Redmond (OR)
26%
Saint George (UT)
26%
Saint Kitts
26%
San Salvador
26%
Bangor
24%
Cozumel
24%
Fort Wayne
24%
Greenville/Spartanburg (SC)
24%
Kahului
24%
Lafayette
24%
Missoula
24%
Saint Lucia (Hewanorra)
24%
Saint Maarten
24%
Shreveport
24%
South Bend
24%
Grand Cayman
22%
Idaho Falls
22%
Lihue
22%
Providenciales
22%
Rapid City
22%
Saint Thomas
22%
Traverse City
22%
Accra
20%
Antigua
20%
Asheville
20%
Butte
20%
Casper (WY)
20%
Eagle/Vail
20%
Evansville
20%
Fort Walton Beach
20%
Jackson Hole
20%
Lagos
20%
Liberia (CR)
20%
Stuttgart
20%
Alexandria (LA)
17%
Appleton
17%
Dakar (Blaise Diagne)
17%
George Town
17%
Grand Forks
17%
San Pedro Sula
17%
Bonaire
15%
Cartagena
15%
Charlottesville (VA)
15%
Great Falls
15%
Marquette
15%
Moline/Quad Cities
15%
Roanoke
15%
Roatan
15%
Tri Cities (TN)
15%
Tri Cities (WA)
15%
White Plains
15%
Bloomington/Normal
13%
Grand Junction
13%
Hayden/Steamboat Springs
13%
Kalispell
13%
Medford (OR)
13%
Minot
13%
Saint Croix
13%
Sun Valley
13%
Wilkes-Barre
13%
Aberdeen (SD)
11%
Alpena
11%
Bemidji
11%
Cedar City (UT)
11%
Hilton Head (SC)
11%
La Crosse
11%
Saginaw
11%
Saskatoon
11%
State College
11%
Twin Falls
11%
Binghamton
9%
Brunswick (GA)
9%
Dothan
9%
Dubrovnik
9%
Elmira (NY)
9%
International Falls
9%
Ithaca
9%
Santa Rosa
9%
Valdosta
9%
Cody
7%
Elko
7%
Ketchikan
7%
Monterey (CA)
7%
Newport News
7%
Pocatello
7%
Rhinelander
7%
Brainerd
4%
Escanaba (MI)
4%
Harlingen
4%
Iron Mountain
4%
Montrose
4%
Pellston (MI)
4%
Sault Ste. Marie (MI)
4%
Wausau
4%
Hibbing
2%
Lewiston (ID)
2%
North Eleuthera
2%
Stika
0%

Score Distribution

Percentile by Number Answered

Percent of People with Each Score

Your Score History

You have not taken this quiz since the last reset